| 000 | 00466nam a22001337a 4500 | ||
|---|---|---|---|
| 005 | 20241017091852.0 | ||
| 008 | 241017b |||||||| |||| 00| 0 eng d | ||
| 100 |
_aManipon, Roel Hoang. _eauthor. _963084 |
||
| 245 |
_aConsuming culture / _cRoel Hoang Manipon. |
||
| 260 |
_aPhilippines; _bPhilippine Graphic Publishing Inc., _cAugust 2019. |
||
| 300 |
_aVolume 20, pages 28-31, _billustration. |
||
| 700 |
_aManipon, Roel Hoang. _eauthor. _963085 |
||
| 942 |
_2ddc _cPER |
||
| 999 |
_c22633 _d22633 |
||